[Event "Junior Online 4NCL Division 4"]
[Site "online"]
[Date "2020.11.12"]
[Round "7.32"]
[White "Wenninger, Maxim"]
[Black "Yu, Rock"]
[Result "0-1"]
[WhiteElo "1660"]
[BlackElo "1397"]
[PlyCount "122"]
[EventDate "2020.11.12"]
[WhiteTeam "Maidenhead Juniors 1"]
[BlackTeam "JHJ 3"]

1. e4 Nf6 2. Nc3 d5 3. exd5 Nxd5 4. Nxd5 Qxd5 5. Nf3 Bg4 6. Be2 Nc6 7. O-O g6
8. h3 Bxf3 9. Bxf3 Qd7 10. c3 Bg7 11. d4 O-O 12. Be3 Rad8 13. Qc1 Rfe8 14. Bh6
a6 15. Bxg7 Kxg7 16. Re1 e5 17. d5 Na7 18. c4 f5 19. Qc3 Qd6 20. Rad1 Nc8 21.
b4 Qf6 22. c5 Na7 23. a4 e4 24. Qxf6+ Kxf6 25. Be2 Re5 26. Bc4 Ke7 27. b5 axb5
28. axb5 Nc8 29. Re2 b6 30. f4 Re6 31. d6+ cxd6 32. Bxe6 Kxe6 33. cxd6 Nxd6 34.
Red2 Rd7 35. Kf1 Ke7 36. g4 Ke6 37. Ke2 Ke7 38. Kf1 Ke6 39. Kg2 Ke7 40. Kg3 Ke6
41. gxf5+ Nxf5+ 42. Kg2 Ne3+ 43. Kf2 Nxd1+ 44. Ke2 Nc3+ 45. Ke3 Rxd2 46. Kxd2
Nxb5 47. Ke3 Kf5 48. h4 h5 49. Kf2 Kxf4 50. Ke2 e3 51. Kf1 Kf3 52. Ke1 e2 53.
Kd2 Kf2 54. Kd3 e1=Q 55. Kc4 Na3+ 56. Kb3 Qc1 57. Ka2 Qb1+ 58. Kxa3 Ke3 59. Ka4
Kd4 60. Ka3 Kc3 61. Ka4 Qb4# 0-1

[Event "Junior Online 4NCL Division 4"]
[Site "online"]
[Date "2020.11.12"]
[Round "7.33"]
[White "Mouskos, Mia"]
[Black "Muppidi, Anirudh"]
[Result "1/2-1/2"]
[WhiteElo "1397"]
[BlackElo "1637"]
[PlyCount "134"]
[EventDate "2020.11.12"]
[WhiteTeam "JHJ 3"]
[BlackTeam "Maidenhead Juniors 1"]

1. e4 e5 2. Nf3 Nc6 3. d4 exd4 4. Nxd4 Bc5 5. Be3 Qf6 6. c3 Nge7 7. Bc4 O-O 8.
O-O d6 9. Re1 Qg6 10. Nxc6 Nxc6 11. Bxc5 dxc5 12. Qe2 a6 13. a4 Re8 14. Nd2 Ne5
15. Qe3 Nxc4 16. Nxc4 b6 17. Rad1 Bb7 18. Nd2 Rad8 19. b3 Kh8 20. c4 f5 21. f3
fxe4 22. Nxe4 Bxe4 23. fxe4 h6 24. e5 Qe6 25. Rxd8 Rxd8 26. Re2 Rd1+ 27. Re1
Rxe1+ 28. Qxe1 Kg8 29. Qe4 Kf7 30. Qf4+ Ke7 31. Qh4+ g5 32. Qe4 Qf7 33. Qb7 Kd7
34. Qe4 h5 35. Qd3+ Ke6 36. Qd5+ Ke7 37. Qc6 Kd8 38. Qa8+ Kd7 39. Qxa6 Qe6 40.
Qa8 Qxe5 41. Qf3 Qe1+ 42. Qf1 Qe3+ 43. Qf2 Qxf2+ 44. Kxf2 Ke6 45. Ke3 Ke5 46.
g3 g4 47. Kd3 Kf5 48. Ke3 Kg5 49. Ke4 h4 50. gxh4+ Kxh4 51. Kf4 Kh5 52. Kg3 Kg5
53. Kf2 Kf4 54. Ke2 Ke4 55. Kf2 Kf4 56. Ke2 c6 57. Kf2 Kf5 58. Ke3 Ke5 59. Kf2
Ke4 60. Ke2 Kf4 61. Kf2 Kg5 62. Ke3 Kf5 63. Kf2 Kf4 64. Ke2 Ke4 65. Kf2 Kf4 66.
Ke2 Ke4 67. Kf2 Kf4 1/2-1/2

[Event "Junior Online 4NCL Division 4"]
[Site "online"]
[Date "2020.11.12"]
[Round "7.34"]
[White "Markov, Aleksa"]
[Black "Hatem, Mika"]
[Result "0-1"]
[WhiteElo "1345"]
[BlackElo "1405"]
[PlyCount "140"]
[EventDate "2020.11.12"]
[WhiteTeam "Maidenhead Juniors 1"]
[BlackTeam "JHJ 3"]

1. e4 e5 2. Nf3 Nc6 3. Bc4 Bc5 4. Nc3 Nf6 5. Ng5 O-O 6. Nxf7 Rxf7 7. Bxf7+ Kxf7
8. d3 d6 9. Bg5 Be6 10. Qf3 Nd4 11. Qd1 Qe8 12. Bxf6 gxf6 13. Nd5 Bxd5 14. exd5
Qg8 15. Qh5+ Qg6 16. Qxg6+ hxg6 17. Rc1 f5 18. O-O Ne2+ 19. Kh1 Nxc1 20. Rxc1
Bxf2 21. Rf1 Be3 22. Rf3 f4 23. g3 Rh8 24. gxf4 Bxf4 25. d4 Rxh2+ 26. Kg1 Rxc2
27. dxe5 dxe5 28. Rh3 Rc1+ 29. Kf2 Rc5 30. Rh7+ Kf6 31. Rd7 Rc2+ 32. Kf3 Rd2
33. Rxc7 Rxd5 34. Rxb7 Ra5 35. a3 Bc1 36. Ke4 Bxb2 37. Rxb2 Rxa3 38. Rb7 Ra4+
39. Kf3 g5 40. Rb8 g4+ 41. Kg3 e4 42. Kxg4 e3+ 43. Kf3 Ra3 44. Re8 a5 45. Ke2
a4 46. Kd1 Rb3 47. Kc2 Kf5 48. Kc1 Kf4 49. Kd1 a3 50. Ra8 Kf3 51. Kc2 e2 52.
Rf8+ Kg2 53. Rg8+ Kf3 54. Kxb3 e1=Q 55. Kxa3 Qa1+ 56. Kb3 Qd1+ 57. Kc3 Qa1+ 58.
Kb4 Qb2+ 59. Kc5 Qc3+ 60. Kd6 Qd4+ 61. Ke7 Qe5+ 62. Kf7 Qf5+ 63. Kg7 Qd7+ 64.
Kf8 Kf4 65. Rg7 Qd8+ 66. Kf7 Kf5 67. Rg8 Qd7+ 68. Kf8 Kf6 69. Rg7 Qxg7+ 70. Ke8
Qe7# 0-1

[Event "Junior Online 4NCL Division 4"]
[Site "online"]
[Date "2020.11.12"]
[Round "7.35"]
[White "Kumar, Soham"]
[Black "Groot Wassink, Emma"]
[Result "1-0"]
[WhiteElo "1802"]
[BlackElo "1442"]
[PlyCount "69"]
[EventDate "2020.11.12"]
[WhiteTeam "Maidenhead Juniors 1"]
[BlackTeam "JHJ 3"]

1. e4 e5 2. Nf3 Nc6 3. Bb5 a6 4. Ba4 Nf6 5. O-O Bc5 6. c3 b5 7. Bb3 O-O 8. d4
exd4 9. cxd4 Bb6 10. Bg5 h6 11. Bh4 g5 12. Bg3 d5 13. exd5 Nxd5 14. Nc3 Nde7
15. d5 Na5 16. Bc2 f5 17. d6 Nec6 18. Qd5+ Rf7 19. h4 cxd6 20. hxg5 hxg5 21.
Qxd6 Qxd6 22. Bxd6 Nc4 23. Nxg5 Nxd6 24. Nxf7 Nxf7 25. Bb3 Kg7 26. Nd5 Ba5 27.
Rfd1 Bb7 28. Nf4 Nfe5 29. Ne6+ Kf6 30. Nc5 Rb8 31. f4 Ng4 32. Nd7+ Kg6 33. Nxb8
Bc7 34. Nxc6 Bxc6 35. Rac1 1-0

[Event "Junior Online 4NCL Division 4"]
[Site "online"]
[Date "2020.11.12"]
[Round "7.36"]
[White "Yu, Rock"]
[Black "Wenninger, Maxim"]
[Result "0-1"]
[WhiteElo "1397"]
[BlackElo "1660"]
[PlyCount "126"]
[EventDate "2020.11.12"]
[WhiteTeam "JHJ 3"]
[BlackTeam "Maidenhead Juniors 1"]

1. c4 e5 2. Nc3 Nf6 3. g3 Bb4 4. e4 O-O 5. Bg2 Nc6 6. Nge2 d6 7. h3 Be6 8. d3
Qd7 9. a3 Bxc3+ 10. Nxc3 Nd4 11. Nd5 Ne8 12. Be3 c6 13. Nc3 f5 14. Bxd4 exd4
15. Ne2 fxe4 16. dxe4 c5 17. b3 Qf7 18. O-O Nf6 19. Nf4 Nd7 20. Nd5 Bxd5 21.
exd5 Ne5 22. f4 Nd7 23. Qg4 Nf6 24. Qf3 Rae8 25. Rae1 Qg6 26. f5 Qg5 27. Re6
Rd8 28. Qd3 Nh5 29. Kh2 Rfe8 30. h4 Qg4 31. Bh3 Nxg3 32. Rxe8+ Rxe8 33. Bxg4
Nxf1+ 34. Qxf1 Re3 35. Qd1 Kf7 36. Qc1 Kf6 37. Qb2 g6 38. fxg6 hxg6 39. b4 b6
40. a4 Rc3 41. Qf2+ Kg7 42. bxc5 bxc5 43. Be2 d3 44. Qf1 Rc2 45. Kg3 Rxe2 46.
Qa1+ Kh6 47. Qc1+ d2 48. Qd1 Re3+ 49. Kf2 Rd3 50. Ke2 Rd4 51. Qg1 d1=Q+ 52.
Qxd1 Rxd1 53. Kxd1 Kh5 54. Ke2 Kxh4 55. Kf2 Kg4 56. Kg2 Kf4 57. Kf2 g5 58. Ke2
g4 59. Kf2 a5 60. Ke2 g3 61. Kf1 Kf3 62. Kg1 g2 63. Kh2 Kf2 0-1

[Event "Junior Online 4NCL Division 4"]
[Site "online"]
[Date "2020.11.12"]
[Round "7.37"]
[White "Muppidi, Anirudh"]
[Black "Mouskos, Mia"]
[Result "1-0"]
[WhiteElo "1637"]
[BlackElo "1397"]
[PlyCount "137"]
[EventDate "2020.11.12"]
[WhiteTeam "Maidenhead Juniors 1"]
[BlackTeam "JHJ 3"]

1. e4 e6 2. d4 d5 3. exd5 exd5 4. Nf3 Bd6 5. Bd3 Nf6 6. O-O O-O 7. c3 c6 8. Bg5
h6 9. Bh4 Bg4 10. Nbd2 Nbd7 11. Qc2 Qc7 12. h3 Bh5 13. Rfe1 g5 14. Bg3 Bxg3 15.
fxg3 Qxg3 16. Ne5 Rfe8 17. Ndf3 Bxf3 18. Nxf3 Qd6 19. Re2 Rxe2 20. Bxe2 Re8 21.
Re1 c5 22. Bb5 Rxe1+ 23. Nxe1 Qe6 24. Qe2 Qd6 25. Bxd7 Nxd7 26. Qe8+ Kg7 27.
Nd3 cxd4 28. cxd4 Nf6 29. Qe5 Qc6 30. Nc5 b6 31. Nb3 Kg6 32. Qb8 Qd7 33. Nd2
Qa4 34. Nf3 Qd1+ 35. Kh2 Qc1 36. b3 g4 37. Ne5+ Kg7 38. Nxg4 Nxg4+ 39. hxg4 Qg5
40. Qg3 Qf6 41. Qe5 Qxe5+ 42. dxe5 Kg6 43. Kg3 Kg5 44. Kf3 f6 45. e6 Kg6 46.
Kf4 a5 47. a4 d4 48. Ke4 d3 49. Kxd3 Kg7 50. Ke4 Kg6 51. Kd5 Kg7 52. Kd6 Kg6
53. Kd7 f5 54. gxf5+ Kxf5 55. e7 b5 56. e8=Q bxa4 57. bxa4 Kg5 58. Qf7 Kg4 59.
Qf2 Kg5 60. g3 Kg4 61. Qf4+ Kh3 62. g4 h5 63. gxh5 Kg2 64. Kd6 Kh3 65. Qg5 Kh2
66. Ke5 Kh3 67. Kf4 Kh2 68. Kf3 Kh3 69. Qg3# 1-0

[Event "Junior Online 4NCL Division 4"]
[Site "online"]
[Date "2020.11.12"]
[Round "7.38"]
[White "Hatem, Mika"]
[Black "Markov, Aleksa"]
[Result "1-0"]
[WhiteElo "1405"]
[BlackElo "1345"]
[PlyCount "73"]
[EventDate "2020.11.12"]
[WhiteTeam "JHJ 3"]
[BlackTeam "Maidenhead Juniors 1"]

1. e4 e5 2. Nf3 Nc6 3. d4 exd4 4. Nxd4 Nxd4 5. Qxd4 Qf6 6. Qe3 d6 7. Nc3 Be6 8.
Bd3 Ne7 9. O-O Nc6 10. Bd2 Be7 11. Rfe1 O-O 12. Qg3 Qg6 13. Qe3 Rad8 14. Nd5
Bxd5 15. exd5 Qf6 16. dxc6 bxc6 17. Qxe7 Qxe7 18. Rxe7 Rc8 19. Ba5 Rfe8 20.
Rxc7 Rxc7 21. Bxc7 Re6 22. Ba5 f6 23. Rd1 d5 24. Re1 Rd6 25. Re8+ Kf7 26. Re1
d4 27. Bb4 Rd8 28. Bc4+ Kg6 29. Re7 h6 30. Bd3+ Kh5 31. Rxg7 c5 32. Bxc5 Re8
33. Bb4 Re5 34. g4+ Kh4 35. Kg2 Rc5 36. Bxc5 f5 37. Be7# 1-0

[Event "Junior Online 4NCL Division 4"]
[Site "online"]
[Date "2020.11.12"]
[Round "7.41"]
[White "Moser, Benjamin"]
[Black "Timbrell, Matthew"]
[Result "0-1"]
[WhiteElo "1532"]
[BlackElo "1682"]
[PlyCount "82"]
[EventDate "2020.11.12"]
[WhiteTeam "The Hall 1"]
[BlackTeam "Somerset Lions"]

1. d4 d5 2. Nf3 Nf6 3. Bf4 Bf5 4. e3 e6 5. Bb5+ c6 6. Bd3 Bd6 7. Ne5 O-O 8. c3
Bxd3 9. Qxd3 Qe7 10. Nd2 Nbd7 11. Ndf3 Nxe5 12. Nxe5 Nd7 13. Nxd7 Qxd7 14. Bxd6
Qxd6 15. O-O c5 16. c4 dxc4 17. Qxc4 cxd4 18. exd4 Rfd8 19. Rad1 Rac8 20. Qa4
a6 21. Rfe1 b5 22. Qb4 Qxb4 23. h3 Rxd4 24. Rc1 Rxc1 25. Rxc1 h6 26. Kh2 Qd6+
27. g3 Rd2 28. Kg2 Qd4 29. Rf1 Qxb2 30. Kf3 Qxa2 31. h4 Qd5+ 32. Kg4 Rd4+ 33.
Kh3 Qf5+ 34. Kh2 g5 35. hxg5 Qxg5 36. Ra1 Rd2 37. Kg2 Qf6 38. Rxa6 Qxf2+ 39.
Kh3 Qf5+ 40. g4 Qf3+ 41. Kh4 Rh2# 0-1

[Event "Junior Online 4NCL Division 4"]
[Site "online"]
[Date "2020.11.12"]
[Round "7.42"]
[White "Keech, Gabriel"]
[Black "Smolders, Thomas"]
[Result "0-1"]
[WhiteElo "1682"]
[BlackElo "1427"]
[PlyCount "94"]
[EventDate "2020.11.12"]
[WhiteTeam "Somerset Lions"]
[BlackTeam "The Hall 1"]

1. e4 e6 2. d4 d5 3. exd5 exd5 4. Nf3 Nf6 5. Bd3 Bd6 6. O-O O-O 7. Bg5 h6 8.
Be3 Nc6 9. c3 Bg4 10. h3 Be6 11. Nbd2 Qd7 12. Qc2 Rfe8 13. Rfe1 Re7 14. Rac1
Rae8 15. Kf1 Bxh3 16. gxh3 Qxh3+ 17. Ke2 Ng4 18. Rh1 Nxe3 19. Rxh3 Nxc2+ 20.
Kd1 Ne1 21. Nxe1 Rxe1+ 22. Kc2 Rxc1+ 23. Kxc1 Bf4 24. Kc2 Bxd2 25. Kxd2 Nd8 26.
Rf3 Ne6 27. Re3 Kf8 28. Rf3 Ng5 29. Rf4 Ne4+ 30. Bxe4 Rxe4 31. Rxe4 dxe4 32.
Ke3 f5 33. Kf4 g6 34. b3 Kf7 35. c4 Kf6 36. d5 g5+ 37. Kg3 f4+ 38. Kg4 Ke5 39.
Kh3 e3 40. fxe3 fxe3 41. Kg2 Ke4 42. Kf1 h5 43. Ke2 h4 44. c5 Kxd5 45. Kxe3
Kxc5 46. Kf3 Kb4 47. Kg4 Ka3 0-1

[Event "Junior Online 4NCL Division 4"]
[Site "online"]
[Date "2020.11.12"]
[Round "7.43"]
[White "Jhamna, Florian"]
[Black "Zeng, Jonathan"]
[Result "1/2-1/2"]
[WhiteElo "1405"]
[BlackElo "1412"]
[PlyCount "46"]
[EventDate "2020.11.12"]
[WhiteTeam "The Hall 1"]
[BlackTeam "Somerset Lions"]

1. e4 e5 2. Bc4 Nf6 3. Nc3 Bc5 4. d3 b6 5. Bg5 Bb7 6. Nf3 O-O 7. O-O h6 8. Bxh6
gxh6 9. Qd2 Kg7 10. Nxe5 d6 11. Nf3 Nbd7 12. Qf4 Rg8 13. Nh4 Ne5 14. Nf5+ Kf8
15. Qxh6+ Ke8 16. Ng7+ Kd7 17. Qh3+ Neg4 18. Nf5 Rh8 19. Qf3 Nxh2 20. Qf4 Nxf1
21. Rxf1 Qg8 22. Bb5+ c6 23. Ba4 a5 1/2-1/2

[Event "Junior Online 4NCL Division 4"]
[Site "online"]
[Date "2020.11.12"]
[Round "7.44"]
[White "Ranpura, Kirin"]
[Black "Patel, Ishaan"]
[Result "0-1"]
[WhiteElo "1382"]
[BlackElo "1345"]
[PlyCount "46"]
[EventDate "2020.11.12"]
[WhiteTeam "Somerset Lions"]
[BlackTeam "The Hall 1"]

1. d4 d5 2. Bf4 Nf6 3. e3 Nc6 4. Nd2 Bf5 5. c4 e6 6. Qb3 Rb8 7. Ngf3 Bd6 8. Bg3
Ne4 9. Nxe4 Bxe4 10. Be2 Bb4+ 11. Kf1 Bd6 12. Nd2 O-O 13. Nxe4 dxe4 14. Qc2 f5
15. c5 Bxg3 16. hxg3 Ne7 17. f3 Nd5 18. Kf2 Qg5 19. fxe4 fxe4+ 20. Kg1 Qxe3+
21. Kh2 Rf6 22. Raf1 Rh6+ 23. Bh5 Rxh5# 0-1

[Event "Junior Online 4NCL Division 4"]
[Site "online"]
[Date "2020.11.12"]
[Round "7.45"]
[White "Timbrell, Matthew"]
[Black "Moser, Benjamin"]
[Result "1-0"]
[WhiteElo "1682"]
[BlackElo "1532"]
[PlyCount "21"]
[EventDate "2020.11.12"]
[WhiteTeam "Somerset Lions"]
[BlackTeam "The Hall 1"]

1. c4 e5 2. Nc3 Nc6 3. g3 Bc5 4. Bg2 d6 5. e3 Be6 6. Nge2 Bxc4 7. d3 Be6 8. O-O
f6 9. d4 Bb4 10. d5 Bf7 11. dxc6 1-0

[Event "Junior Online 4NCL Division 4"]
[Site "online"]
[Date "2020.11.12"]
[Round "7.47"]
[White "Zeng, Jonathan"]
[Black "Jhamna, Florian"]
[Result "0-1"]
[WhiteElo "1412"]
[BlackElo "1405"]
[PlyCount "114"]
[EventDate "2020.11.12"]
[WhiteTeam "Somerset Lions"]
[BlackTeam "The Hall 1"]

1. e4 e6 2. d4 d5 3. exd5 exd5 4. Bb5+ Bd7 5. Qe2+ Be7 6. Bxd7+ Nxd7 7. Nc3
Ngf6 8. Bg5 O-O 9. Nf3 Re8 10. O-O h6 11. Bh4 Nb6 12. Rfe1 Ba3 13. Qxe8+ Qxe8
14. Rxe8+ Rxe8 15. bxa3 Ng4 16. Re1 Ra8 17. Nb5 c6 18. Nd6 Kh7 19. Re8 Rxe8 20.
Nxe8 Nc4 21. a4 Nb2 22. Nd6 b6 23. Nxf7 Nxa4 24. N7e5 c5 25. Nxg4 cxd4 26. Nxd4
Nc3 27. a3 Nb1 28. Nb5 a6 29. Nc3 Nxc3 30. Kf1 Nb1 31. Ke1 Nxa3 32. Kd2 Kg6 33.
Ne5+ Kf5 34. Bg3 Ke4 35. f3+ Kd4 36. c3+ Kc5 37. Nd3+ Kc4 38. Nb2+ Kb3 39. Kc1
Kxc3 40. Be5+ Kb3 41. Bxg7 a5 42. Bxh6 a4 43. g4 Nc2 44. Nd3 a3 45. Bg7 a2 46.
g5 d4 47. Kd2 a1=Q 48. Nc1+ Kc4 49. Kxc2 Qc3+ 50. Kb1 Qxf3 51. Be5 Qf5+ 52. Kb2
Qxe5 53. Nb3 d3+ 54. Ka3 d2 55. Nd4 Qxd4 56. Ka2 d1=Q 57. Ka3 Qb3# 0-1

[Event "Junior Online 4NCL Division 4"]
[Site "online"]
[Date "2020.11.12"]
[Round "7.48"]
[White "Patel, Ishaan"]
[Black "Ranpura, Kirin"]
[Result "1-0"]
[WhiteElo "1345"]
[BlackElo "1382"]
[PlyCount "59"]
[EventDate "2020.11.12"]
[WhiteTeam "The Hall 1"]
[BlackTeam "Somerset Lions"]

1. e4 e6 2. d4 d5 3. Nc3 Nf6 4. e5 Nfd7 5. Nf3 c5 6. Be3 Qb6 7. Rb1 Qc7 8. Be2
Nc6 9. O-O cxd4 10. Bxd4 Nxd4 11. Qxd4 Bc5 12. Qf4 O-O 13. Bb5 Bb6 14. Rfe1 Qc5
15. Ng5 a6 16. Bxd7 Bxd7 17. Rf1 Bc7 18. Qh4 h6 19. Nf3 d4 20. Ne2 Bxe5 21.
Nxe5 Qxe5 22. Nxd4 Rfd8 23. Rfe1 Qc5 24. c3 Rac8 25. Rbd1 Ba4 26. Nb3 Rxd1 27.
Rxd1 Qb6 28. Qxa4 Rd8 29. Rxd8+ Qxd8 30. Qd4 1-0

[Event "Junior Online 4NCL Division 4"]
[Site "online"]
[Date "2020.11.12"]
[Round "7.51"]
[White "Xu, Tianyou"]
[Black "Patel, Sen"]
[Result "0-1"]
[WhiteElo "1390"]
[BlackElo "1615"]
[PlyCount "42"]
[EventDate "2020.11.12"]
[WhiteTeam "JHJ 4"]
[BlackTeam "KCJS 2"]

1. e4 c6 2. d4 d5 3. exd5 cxd5 4. Nc3 Bf5 5. Nf3 Nc6 6. Bd3 Bg6 7. Bf4 Nf6 8.
O-O e6 9. Ne2 Bd6 10. Bg3 Qc7 11. Bxg6 hxg6 12. Qd3 O-O-O 13. c4 Bxg3 14. Nxg3
Qb6 15. cxd5 Nxd5 16. Rac1 Kb8 17. Rfd1 Ndb4 18. Qc3 Nxa2 19. Qe3 Nxc1 20. Rxc1
Nxd4 21. Nxd4 Qxd4 0-1

[Event "Junior Online 4NCL Division 4"]
[Site "online"]
[Date "2020.11.12"]
[Round "7.52"]
[White "Soulier, Alfred"]
[Black "Stehlin, Nathan"]
[Result "1-0"]
[WhiteElo "1585"]
[BlackElo "1360"]
[PlyCount "149"]
[EventDate "2020.11.12"]
[WhiteTeam "KCJS 2"]
[BlackTeam "JHJ 4"]

1. d4 e6 2. c4 c5 3. Nf3 Nf6 4. d5 exd5 5. cxd5 d6 6. Nc3 Bg4 7. e4 Qe7 8. Bd3
Qd7 9. Bb5 Nc6 10. dxc6 bxc6 11. Be2 Be7 12. Bf4 d5 13. Ne5 Bxe2 14. Nxd7 Bxd1
15. Nxf6+ Bxf6 16. Rxd1 d4 17. Na4 O-O 18. Nxc5 Rfe8 19. f3 Rad8 20. O-O h6 21.
Rfe1 Be7 22. b4 a5 23. a3 axb4 24. axb4 g5 25. Bg3 Kg7 26. Bf2 Bf6 27. Kf1 Be5
28. Rd3 f6 29. Red1 Rb8 30. Bxd4 Rxb4 31. Bxe5 Rxe5 32. Rd7+ Kg6 33. Nd3 Rbb5
34. Nxe5+ Rxe5 35. Rc7 Rc5 36. Ke2 Rc2+ 37. Rd2 Rc5 38. Ke3 Rc3+ 39. Rd3 Rc4
40. Rd6 Rc3+ 41. Kd2 Ra3 42. Rdxc6 Ra2+ 43. Rc2 Ra8 44. Kc3 Ra3+ 45. Kb4 Ra8
46. Kb5 Rb8+ 47. Ka6 Ra8+ 48. Kb7 Re8 49. g4 Rg8 50. Rd7 h5 51. gxh5+ Kxh5 52.
Rd6 Rg7+ 53. Kb6 Kg6 54. Rcc6 Rf7 55. Kc5 Kg7 56. Kd5 Rf8 57. Rd7+ Kg6 58. e5
Kf5 59. Rxf6+ Rxf6 60. exf6 Kxf6 61. Ke4 Kg6 62. Rd5 Kf6 63. h4 gxh4 64. Rh5
Kg6 65. Rxh4 Kg5 66. Rh8 Kf6 67. f4 Kg7 68. Ra8 Kf7 69. f5 Kf6 70. Kf4 Kf7 71.
Ke5 Ke7 72. Ra7+ Kf8 73. Ke6 Kg8 74. Kf6 Kf8 75. Ra8# 1-0

[Event "Junior Online 4NCL Division 4"]
[Site "online"]
[Date "2020.11.12"]
[Round "7.53"]
[White "Sharma, Ishaan"]
[Black "Patel, Zain"]
[Result "0-1"]
[WhiteElo "1330"]
[BlackElo "1540"]
[PlyCount "68"]
[EventDate "2020.11.12"]
[WhiteTeam "JHJ 4"]
[BlackTeam "KCJS 2"]

1. d4 Nf6 2. Nf3 d6 3. Nc3 g6 4. e4 Bg7 5. d5 O-O 6. Bd3 Nbd7 7. O-O e5 8. Be3
a5 9. a4 Nc5 10. Be2 Nfxe4 11. Bxc5 Nxc5 12. Bb5 Bg4 13. Re1 Qf6 14. Ne4 Nxe4
15. Rxe4 Bxf3 16. Qxf3 Qxf3 17. gxf3 f5 18. Rh4 g5 19. Rc4 Rf7 20. Kh1 e4 21.
Rg1 h6 22. fxe4 fxe4 23. Rxe4 Rxf2 24. Rg2 Raf8 25. Rxf2 Rxf2 26. Re8+ Kf7 27.
Re6 Rxc2 28. Be8+ Kf8 29. Bg6 Rc1+ 30. Kg2 Kg8 31. Re8+ Bf8 32. Kf3 Rf1+ 33.
Kg4 Rf4+ 34. Kh5 Rh4# 0-1

[Event "Junior Online 4NCL Division 4"]
[Site "online"]
[Date "2020.11.12"]
[Round "7.54"]
[White "Singh, Hari"]
[Black "Sisupalan, Beni"]
[Result "1/2-1/2"]
[WhiteElo "1495"]
[BlackElo "1345"]
[PlyCount "102"]
[EventDate "2020.11.12"]
[WhiteTeam "KCJS 2"]
[BlackTeam "JHJ 4"]

1. d4 d5 2. e3 Nf6 3. Bd3 Nbd7 4. Nf3 e6 5. Nbd2 c5 6. c3 Qb6 7. Qb3 Be7 8.
Qxb6 Nxb6 9. O-O c4 10. Bc2 O-O 11. b3 cxb3 12. axb3 Bd7 13. Bd3 Rfc8 14. Bb2
a6 15. c4 dxc4 16. bxc4 Bb4 17. Ba3 Bxd2 18. Nxd2 Rc7 19. c5 Nbd5 20. Ne4 Nxe4
21. Bxe4 Rb8 22. Bxd5 exd5 23. Rab1 Bb5 24. Rfc1 g6 25. Bb4 Bc4 26. Bd2 Rc6 27.
e4 b6 28. exd5 Bxd5 29. cxb6 Rbxb6 30. Bh6 f5 31. Rxb6 Rxb6 32. Rc8+ Kf7 33.
Rf8+ Ke7 34. h3 a5 35. Rh8 Ke6 36. Rxh7 Kf6 37. Ra7 Rb1+ 38. Kh2 Rb2 39. Rxa5
Bb7 40. Be3 f4 41. Bxf4 Rxf2 42. Be5+ Ke6 43. Kh1 Rxg2 44. d5+ Bxd5 45. Rxd5
Kxd5 46. Kxg2 Kxe5 47. Kg3 Kf5 48. h4 Kf6 49. Kg4 Kf7 50. Kf4 Kf6 51. Ke4 Kg7
1/2-1/2

[Event "Junior Online 4NCL Division 4"]
[Site "online"]
[Date "2020.11.12"]
[Round "7.55"]
[White "Patel, Sen"]
[Black "Xu, Tianyou"]
[Result "1-0"]
[WhiteElo "1615"]
[BlackElo "1390"]
[PlyCount "119"]
[EventDate "2020.11.12"]
[WhiteTeam "KCJS 2"]
[BlackTeam "JHJ 4"]

1. e4 e5 2. Nf3 Nc6 3. d4 exd4 4. Bc4 Nf6 5. e5 Ne4 6. O-O d6 7. Bb5 Bg4 8.
Qxd4 d5 9. Nbd2 Nxd2 10. Nxd2 Be2 11. Re1 Bxb5 12. Qg4 Qd7 13. Qxd7+ Kxd7 14.
b3 Re8 15. c4 dxc4 16. bxc4 Ba6 17. Bb2 Kc8 18. Rad1 Bb4 19. Re4 Rd8 20. Bc1
Rhe8 21. f4 Bc5+ 22. Kh1 Na5 23. Rf1 Bb4 24. Nb3 Nxb3 25. axb3 Rd3 26. h3 Red8
27. f5 Rd1 28. Ref4 Rxf1+ 29. Rxf1 Re8 30. Bb2 b6 31. f6 gxf6 32. Rxf6 Rxe5 33.
Bxe5 Bb7 34. Rxf7 Be4 35. Rg7 Kb7 36. Kh2 Bd2 37. g4 Bb4 38. Kg3 Kc6 39. Kf4
Bb1 40. h4 Kc5 41. Bf6 Kd6 42. Be7+ Ke6 43. Bxb4 Kf6 44. Rxc7 Kg6 45. Rc6+ Kg7
46. Bc3+ Kf7 47. g5 Ke7 48. h5 Kf7 49. g6+ hxg6 50. hxg6+ Bxg6 51. Ke5 Bc2 52.
Rc7+ Kg6 53. Rxa7 Bxb3 54. Kd5 Kf5 55. Ra6 Kf4 56. Rxb6 Ke3 57. Bd4+ Kd3 58.
Rc6 Ba4 59. Rb6 Bb3 60. Rxb3+ 1-0

[Event "Junior Online 4NCL Division 4"]
[Site "online"]
[Date "2020.11.12"]
[Round "7.56"]
[White "Stehlin, Nathan"]
[Black "Soulier, Alfred"]
[Result "0-1"]
[WhiteElo "1360"]
[BlackElo "1585"]
[PlyCount "134"]
[EventDate "2020.11.12"]
[WhiteTeam "JHJ 4"]
[BlackTeam "KCJS 2"]

1. c4 Nf6 2. d4 g6 3. Bg5 Bg7 4. Nf3 O-O 5. e3 d6 6. Be2 c5 7. Nc3 Re8 8. O-O
e6 9. Ne4 h6 10. Nxf6+ Bxf6 11. Bxf6 Qxf6 12. b3 Nc6 13. Qd3 b6 14. Nd2 cxd4
15. Bf3 Bb7 16. Bxc6 Bxc6 17. Qxd4 Qxd4 18. exd4 Rac8 19. Rad1 Red8 20. f3 b5
21. Rfe1 a6 22. Ne4 Bxe4 23. fxe4 bxc4 24. bxc4 Rxc4 25. e5 dxe5 26. dxe5 Rxd1
27. Rxd1 Rc2 28. a3 Rc3 29. a4 Rc4 30. Ra1 Rc5 31. Re1 Ra5 32. Re4 Kf8 33. Kf2
Ke7 34. Ke3 Kd7 35. Kd3 Kc6 36. Kc3 Kd5 37. Kd3 h5 38. h4 Rc5 39. g3 Rc3+ 40.
Kxc3 Kxe4 41. Kb4 Kxe5 42. Ka5 Kd6 43. Kxa6 Kc6 44. Ka5 Kb7 45. Kb4 Ka6 46. Ka3
Ka5 47. Kb3 f6 48. Ka3 g5 49. hxg5 fxg5 50. Kb3 h4 51. gxh4 gxh4 52. Kc2 h3 53.
Kd2 h2 54. Ke2 h1=Q 55. Ke3 Kxa4 56. Kd4 Kb4 57. Ke5 Qd5+ 58. Kf6 e5 59. Kf5
e4+ 60. Kf4 e3 61. Kxe3 Kc3 62. Kf4 Kd4 63. Kg3 Qf5 64. Kh4 Qg6 65. Kh3 Ke3 66.
Kh2 Kf2 67. Kh3 Qg3# 0-1

[Event "Junior Online 4NCL Division 4"]
[Site "online"]
[Date "2020.11.12"]
[Round "7.57"]
[White "Patel, Zain"]
[Black "Sharma, Ishaan"]
[Result "1-0"]
[WhiteElo "1540"]
[BlackElo "1330"]
[PlyCount "87"]
[EventDate "2020.11.12"]
[WhiteTeam "KCJS 2"]
[BlackTeam "JHJ 4"]

1. e4 e5 2. Nf3 Nc6 3. Bc4 h6 4. d4 exd4 5. Nxd4 Ne5 6. Bb3 Nf6 7. Nc3 c5 8.
Nf5 d6 9. Ne3 Be7 10. Ned5 O-O 11. Nxe7+ Qxe7 12. f4 Nc6 13. O-O Bg4 14. Qd3
Nd4 15. Be3 Nc6 16. h3 Nb4 17. Qd2 Bxh3 18. gxh3 Nh5 19. Qg2 Qh4 20. f5 a5 21.
Bxh6 Nc6 22. f6 g6 23. Bxf8 Rxf8 24. Qxg6+ Kh8 25. Bxf7 Qg3+ 26. Qxg3 Nxg3 27.
Rf3 Rxf7 28. Rxg3 Rxf6 29. Rf1 Rh6 30. Rf8+ Kh7 31. Rfg8 Rh4 32. R3g7+ Kh6 33.
Rh8+ Kxg7 34. Rxh4 Nd4 35. Rg4+ Kf6 36. Nd5+ Ke5 37. c3 Ne2+ 38. Kf2 Nc1 39.
Ke3 Nxa2 40. h4 a4 41. h5 a3 42. bxa3 Nc1 43. h6 Nb3 44. h7 1-0

[Event "Junior Online 4NCL Division 4"]
[Site "online"]
[Date "2020.11.12"]
[Round "7.58"]
[White "Sisupalan, Beni"]
[Black "Singh, Hari"]
[Result "0-1"]
[WhiteElo "1345"]
[BlackElo "1495"]
[PlyCount "64"]
[EventDate "2020.11.12"]
[WhiteTeam "JHJ 4"]
[BlackTeam "KCJS 2"]

1. e4 c5 2. Nf3 d6 3. d4 cxd4 4. Nxd4 Nf6 5. Nc3 g6 6. Be3 Bg7 7. f3 O-O 8. Bd3
Bd7 9. Qd2 Nc6 10. Nxc6 Bxc6 11. Bh6 d5 12. e5 Nd7 13. Bxg7 Kxg7 14. Qf4 f6 15.
e6 Nc5 16. h4 Nxe6 17. Qg4 f5 18. Qg3 Qc7 19. Qh3 Nf4 20. Qh2 Nxd3+ 21. cxd3
Qxh2 22. Rxh2 Rad8 23. Kd2 d4 24. Ne2 e5 25. Rg1 Rd5 26. g4 fxg4 27. fxg4 Rb5
28. b3 Ra5 29. a4 b5 30. axb5 Ra2+ 31. Kd1 Bxb5 32. Rg3 Rf1# 0-1

[Event "Junior Online 4NCL Division 4"]
[Site "online"]
[Date "2020.11.12"]
[Round "7.61"]
[White "Modhura, Urbi"]
[Black "Jowell, Leo"]
[Result "1-0"]
[WhiteElo "1622"]
[BlackElo "1172"]
[PlyCount "107"]
[EventDate "2020.11.12"]
[WhiteTeam "Temple Sutton Juniors"]
[BlackTeam "May The Fork Be With You 5"]

1. e4 c5 2. Nf3 g6 3. d4 cxd4 4. Nxd4 Bg7 5. Nc3 Nc6 6. Be3 d6 7. Bb5 Bd7 8.
O-O a6 9. Be2 Nf6 10. Qd2 O-O 11. Rad1 Rc8 12. f4 e5 13. fxe5 dxe5 14. Nf3 Bg4
15. Qxd8 Rfxd8 16. h3 Rxd1 17. Rxd1 Be6 18. a3 Nh5 19. Ng5 Bd7 20. Rxd7 Rf8 21.
Rxb7 Bf6 22. Nd5 Bxg5 23. Bxg5 f6 24. Bh6 Rf7 25. Rxf7 Kxf7 26. Bxh5 gxh5 27.
Kf2 Kg6 28. Be3 f5 29. exf5+ Kxf5 30. Bc5 Ke4 31. Ne7 Nd4 32. Bxd4 Kxd4 33. Ke2
e4 34. Nf5+ Kd5 35. Ke3 Ke5 36. Ng3 Kd5 37. Nxh5 a5 38. Nf6+ Ke5 39. Nxh7 Kf5
40. g4+ Ke5 41. Ng5 Kd5 42. Nxe4 Kc6 43. h4 a4 44. h5 Kb7 45. h6 Kc6 46. h7 Kd5
47. h8=Q Kc6 48. Qf6+ Kb7 49. Qd6 Kc8 50. Nc3 Kb7 51. Nb5 Ka8 52. Qc6+ Kb8 53.
Qc7+ Ka8 54. Qa7# 1-0